Central Library OPAC University of Rajshahi

Social problems / (Record no. 57324)

MARC details
000 -LEADER
fixed length control field 00972nam a2200289 a 4500
001 - CONTROL NUMBER
control field 57324
003 - CONTROL NUMBER IDENTIFIER
rucl marc code BD-RjUL
005 - DATE AND TIME OF LATEST TRANSACTION
control field 20211209080509.0
008 - FIXED-LENGTH DATA ELEMENTS--GENERAL INFORMATION
fixed length control field 081216s1980 nyua b 001 0 eng
020 ## - INTERNATIONAL STANDARD BOOK NUMBER
International Standard Book Number 0060413263
035 ## - SYSTEM CONTROL NUMBER
System control number (BD-RjUL) 57448
040 ## - CATALOGING SOURCE
Original cataloging agency DLC
Transcribing agency DLC
Modifying agency DLC
-- BD-RjUL
Language of cataloging eng
041 ## - LANGUAGE CODE
Language code of text/sound track or separate title eng
082 00 - DEWEY DECIMAL CLASSIFICATION NUMBER
Classification number 361.1
Edition number 23
Author mark and year COS 1980
100 1# - MAIN ENTRY--PERSONAL NAME
Personal name Coleman, James William,
Dates associated with a name 1947-
9 (RLIN) 170234
245 10 - TITLE STATEMENT
Title Social problems /
Statement of responsibility, etc. James William Coleman and Donald R. Cressey.
260 ## - PUBLICATION, DISTRIBUTION, ETC. (IMPRINT)
Place of publication, distribution, etc. New York :
Name of publisher, distributor, etc. Harper & Row,
Date of publication, distribution, etc. c1980.
300 ## - PHYSICAL DESCRIPTION
Pagination xvii, 584 p. :
Illustrations ill. ;
Size 24 cm.
504 ## - BIBLIOGRAPHY, ETC. NOTE
Bibliography, etc Includes bibliographical references and indexes.
650 #0 - SUBJECT ADDED ENTRY--TOPICAL TERM
Topical term or geographic name as entry element Social problems.
9 (RLIN) 170236
Topical term or geographic name as entry element Sociology.
9 (RLIN) 170250
Topical term or geographic name as entry element Social institutions.
9 (RLIN) 170237
651 #0 - SUBJECT ADDED ENTRY--GEOGRAPHIC NAME
Geographic name United States
General subdivision Social conditions
Chronological subdivision 1980-
9 (RLIN) 170238
Geographic name United States
General subdivision Social policy
Chronological subdivision 1980-1993.
9 (RLIN) 170239
700 1# - ADDED ENTRY--PERSONAL NAME
Personal name Cressey, Donald Ray,
Dates associated with a name 1919-
Relator term joint author.
942 ## - ADDED ENTRY ELEMENTS (KOHA)
Source of classification or shelving scheme Dewey Decimal Classification
Koha item type Books
Holdings
Lost status Source of classification or shelving scheme Damaged status Not for loan Collection code Permanent Location Current Location Shelving location Date acquired Source of acquisition Cost, normal purchase price Total Checkouts Full call number Date last seen Copy number Koha item type
  Dewey Decimal Classification   Not For Loan Non-fiction Central Library, University of Rajshahi Central Library, University of Rajshahi Reading Room 10/07/1985 Tulip Enterprise, Dhaka 765.00   361.1 COS 1980 08/12/2016 C-1 Books